[Event "Scarborough CC-ch"]
[Site "Toronto CAN"]
[Date "2009.03.19"]
[Round "4"]
[White "Henry, Liam"]
[Black "Villalobos, Oscar"]
[Result "1-0"]
[WhiteElo "2248"]
[BlackElo "2061"]
[PlyCount "49"]
[GameId "2160767910260488"]
[EventDate "2009.02.26"]
[EventType "tourn"]
[EventRounds "9"]
[EventCountry "CAN"]
[SourceTitle "EXT 2011"]
[Source "ChessBase"]
[SourceDate "2011.11.26"]
[SourceVersion "1"]
[SourceVersionDate "2011.11.26"]
[SourceQuality "1"]

1. e4 c5 2. Nf3 d6 3. d4 cxd4 4. Nxd4 Nf6 5. Nc3 a6 6. Bc4 e6 7. Bb3 Be7 8. O-O O-O 9. f4 Nbd7 10. f5 e5 11. Nde2 b5 12. a3 Bb7 13. Ng3 Nc5 14. Bg5 Ncxe4 15. Ncxe4 Nxe4 16. Bxe7 Qxe7 17. Nxe4 Bxe4 18. Qg4 Qb7 19. Rae1 d5 20. f6 g6 21. Qg5 Kh8 22. Re3 Qb6 23. Kh1 Rfc8 24. Qh6 Rg8 25. Qxh7+ 1-0

[Event "Scarborough CC-ch"]
[Site "Toronto CAN"]
[Date "2009.03.19"]
[Round "4"]
[White "Yuan, Yuanling"]
[Black "Sellars, Karl"]
[Result "1-0"]
[WhiteElo "2234"]
[BlackElo "2209"]
[PlyCount "84"]
[GameId "2160767910260489"]
[EventDate "2009.02.26"]
[EventType "tourn"]
[EventRounds "9"]
[EventCountry "CAN"]
[SourceTitle "EXT 2011"]
[Source "ChessBase"]
[SourceDate "2011.11.26"]
[SourceVersion "1"]
[SourceVersionDate "2011.11.26"]
[SourceQuality "1"]

1. e4 c5 2. Nf3 d6 3. d4 cxd4 4. Nxd4 Nf6 5. Nc3 g6 6. Be3 Bg7 7. f3 O-O 8. Qd2 Nc6 9. Bc4 Nd7 10. h4 Nb6 11. Bb3 Na5 12. Qd3 e6 13. O-O-O d5 14. exd5 exd5 15. Kb1 Re8 16. h5 Nac4 17. Bc1 a5 18. a4 Ne5 19. Qf1 Nc6 20. Ncb5 Nxd4 21. Nxd4 Bd7 22. Nb5 Bc6 23. g4 Qd7 24. c4 Bxb5 25. cxb5 Qd6 26. hxg6 hxg6 27. Qh3 Re2 28. Rd2 Rae8 29. Qf1 Rxd2 30. Bxd2 Nc4 31. Bxc4 dxc4 32. Bxa5 c3 33. Bxc3 Bxc3 34. bxc3 Qa3 35. Qc4 Qd6 36. Kb2 Qf6 37. Kb3 Kg7 38. f4 Re3 39. g5 Qd6 40. a5 Qd8 41. Ka4 b6 42. a6 Qd2 1-0

[Event "Scarborough CC-ch"]
[Site "Toronto CAN"]
[Date "2009.03.26"]
[Round "5"]
[White "Krupka, David"]
[Black "Henry, Liam"]
[Result "1/2-1/2"]
[WhiteElo "2221"]
[BlackElo "2248"]
[PlyCount "83"]
[GameId "2160767910260490"]
[EventDate "2009.02.26"]
[EventType "tourn"]
[EventRounds "9"]
[EventCountry "CAN"]
[SourceTitle "EXT 2011"]
[Source "ChessBase"]
[SourceDate "2011.11.26"]
[SourceVersion "1"]
[SourceVersionDate "2011.11.26"]
[SourceQuality "1"]

1. d4 Nf6 2. c4 g6 3. Nc3 d5 4. Bg5 Ne4 5. Bh4 Nxc3 6. bxc3 Bg7 7. e3 c5 8. cxd5 cxd4 9. cxd4 Qxd5 10. Nf3 Nc6 11. Be2 O-O 12. O-O Bf5 13. Qa4 e5 14. dxe5 Nxe5 15. Rfd1 Qe4 16. Qxe4 Bxe4 17. Nxe5 Bxe5 18. Rac1 Rac8 19. Bf3 Bxf3 20. gxf3 Kg7 21. Kg2 Rfe8 22. Bg3 Rxc1 23. Rxc1 Bxg3 24. hxg3 Re5 25. Rc7 Rb5 26. a4 Rb2 27. a5 a6 28. g4 h6 29. f4 Kf6 30. g5+ hxg5 31. fxg5+ Ke6 32. Kg3 Rb5 33. f4 Rxa5 34. Rxb7 Ra1 35. Kf3 a5 36. Ke4 Ra4+ 37. Kd3 Ra3+ 38. Kd4 a4 39. e4 Rf3 40. Rb6+ Kd7 41. Ke5 Ke7 42. f5 1/2-1/2

[Event "Scarborough CC-ch"]
[Site "Toronto CAN"]
[Date "2009.03.26"]
[Round "5"]
[White "Sellars, Karl"]
[Black "Hall, John2"]
[Result "1-0"]
[WhiteElo "2209"]
[BlackElo "2204"]
[PlyCount "102"]
[GameId "2160767910260491"]
[EventDate "2009.02.26"]
[EventType "tourn"]
[EventRounds "9"]
[EventCountry "CAN"]
[SourceTitle "EXT 2011"]
[Source "ChessBase"]
[SourceDate "2011.11.26"]
[SourceVersion "1"]
[SourceVersionDate "2011.11.26"]
[SourceQuality "1"]

1. Nf3 d5 2. c4 e6 3. g3 Nf6 4. Bg2 dxc4 5. O-O Be7 6. Na3 O-O 7. Nxc4 c5 8. b3 Nc6 9. Bb2 Bd7 10. d4 Rc8 11. dxc5 Bxc5 12. Nd6 Bxd6 13. Qxd6 Qe7 14. Qxe7 Nxe7 15. Ba3 Rfe8 16. Ne5 Ned5 17. Nxd7 Nxd7 18. Rfc1 N7f6 19. Kf1 b6 20. Bb2 Red8 21. a3 Kf8 22. e3 b5 23. Ke2 a5 24. Bd4 b4 25. axb4 axb4 26. Bxf6 Nxf6 27. Rxc8 Rxc8 28. Ra8 Rxa8 29. Bxa8 Nd7 30. Kd3 Nb6 31. Be4 f5 32. Bg2 Ke7 33. Kd4 Kd6 34. f4 h6 35. h4 Nd7 36. Kc4 e5 37. Bh3 Nb6+ 38. Kd3 g6 39. h5 gxh5 40. Bxf5 exf4 41. exf4 Nd5 42. Be4 Nf6 43. Kd4 h4 44. gxh4 Nh5 45. Ke3 Kc5 46. Bg6 Nf6 47. Bf7 Ng4+ 48. Ke4 Kd6 49. Kf5 Ne3+ 50. Kg6 Ng2 51. Kxh6 Nxf4 1-0

[Event "Scarborough CC-ch"]
[Site "Toronto CAN"]
[Date "2009.03.26"]
[Round "5"]
[White "Villalobos, Oscar"]
[Black "Siddeley, Hugh"]
[Result "1/2-1/2"]
[WhiteElo "2061"]
[BlackElo "2167"]
[PlyCount "71"]
[GameId "2160767910260492"]
[EventDate "2009.02.26"]
[EventType "tourn"]
[EventRounds "9"]
[EventCountry "CAN"]
[SourceTitle "EXT 2011"]
[Source "ChessBase"]
[SourceDate "2011.11.26"]
[SourceVersion "1"]
[SourceVersionDate "2011.11.26"]
[SourceQuality "1"]

1. a3 c5 2. b4 e6 3. b5 d5 4. Bb2 Nf6 5. g3 a6 6. c4 d4 7. Nf3 Bd6 8. Bg2 O-O 9. O-O e5 10. d3 Ng4 11. Nbd2 f5 12. Re1 e4 13. dxe4 f4 14. e5 fxg3 15. hxg3 Bxe5 16. Ne4 Qc7 17. e3 Bxg3 18. fxg3 Nxe3 19. Rxe3 dxe3 20. Qd5+ Qf7 21. Qxf7+ Rxf7 22. Nxc5 Rc7 23. Bd4 axb5 24. Ng5 bxc4 25. Bd5+ Kh8 26. Nf7+ Rxf7 27. Bxf7 e2 28. Bxc4 Rxa3 29. Kf2 Rxa1 30. Bxa1 b6 31. Ne4 Bg4 32. Bb5 Bd7 33. Bxe2 h6 34. Nd6 Kg8 35. Bd4 Nc6 36. Bxb6 1/2-1/2

[Event "Scarborough CC-ch"]
[Site "Toronto CAN"]
[Date "2009.04.09"]
[Round "7"]
[White "Henry, Liam"]
[Black "Siddeley, Hugh"]
[Result "1-0"]
[WhiteElo "2248"]
[BlackElo "2167"]
[PlyCount "101"]
[GameId "2160767910260493"]
[EventDate "2009.02.26"]
[EventType "tourn"]
[EventRounds "9"]
[EventCountry "CAN"]
[SourceTitle "EXT 2011"]
[Source "ChessBase"]
[SourceDate "2011.11.26"]
[SourceVersion "1"]
[SourceVersionDate "2011.11.26"]
[SourceQuality "1"]

1. e4 c5 2. Nf3 d6 3. d4 cxd4 4. Nxd4 Nf6 5. Nc3 e6 6. Bc4 Be7 7. Bb3 Na6 8. f4 Nc5 9. e5 dxe5 10. fxe5 Nxb3 11. axb3 Nd7 12. Bf4 Nf8 13. Ndb5 Ng6 14. Qxd8+ Bxd8 15. Nd6+ Ke7 16. Rxa7 Rxa7 17. Nxc8+ Kd7 18. Nxa7 Bb6 19. Bg3 Bxa7 20. Rf1 Ke7 21. Nb5 Bb8 22. Nd6 Rf8 23. Nxb7 Bxe5 24. Bxe5 Nxe5 25. Kd2 f5 26. Nc5 Rd8+ 27. Kc3 Ng4 28. Re1 Rd6 29. h3 Nf6 30. b4 Nd5+ 31. Kb3 Nf4 32. b5 Nxg2 33. Rg1 Rd2 34. b6 Kd6 35. b7 Kc7 36. Ra1 Rd6 37. Ra8 Rb6+ 38. Kc3 Nh4 39. b8=Q+ Rxb8 40. Na6+ Kb7 41. Rxb8+ Kxa6 42. Re8 Kb5 43. Rxe6 g6 44. Re7 h5 45. Kd4 f4 46. Ke4 f3 47. Rf7 g5 48. Rxf3 Nxf3 49. Kxf3 Kc4 50. Ke4 Kc5 51. Kf5 1-0

[Event "Scarborough CC-ch"]
[Site "Toronto CAN"]
[Date "2009.04.09"]
[Round "7"]
[White "Lamb, Bryan"]
[Black "Sellars, Karl"]
[Result "0-1"]
[WhiteElo "2237"]
[BlackElo "2209"]
[PlyCount "40"]
[GameId "2160767910260494"]
[EventDate "2009.02.26"]
[EventType "tourn"]
[EventRounds "9"]
[EventCountry "CAN"]
[SourceTitle "EXT 2011"]
[Source "ChessBase"]
[SourceDate "2011.11.26"]
[SourceVersion "1"]
[SourceVersionDate "2011.11.26"]
[SourceQuality "1"]

1. c4 c5 2. Nf3 Nc6 3. g3 g6 4. d4 cxd4 5. Nxd4 Bg7 6. Nc2 a6 7. a4 Qa5+ 8. Bd2 Qh5 9. Nc3 Nf6 10. Bg2 O-O 11. Ne3 d6 12. Ncd5 Ng4 13. Nxg4 Bxg4 14. h3 Be6 15. Bf3 Qe5 16. Bc3 Qf5 17. Bg4 Bxc3+ 18. Nxc3 Qc5 19. b3 Qb4 20. Rc1 Na5 0-1

[Event "Scarborough CC-ch"]
[Site "Toronto CAN"]
[Date "2009.04.16"]
[Round "8"]
[White "Hall, John2"]
[Black "Siddeley, Hugh"]
[Result "1-0"]
[WhiteElo "2204"]
[BlackElo "2167"]
[PlyCount "52"]
[GameId "2160767910260496"]
[EventDate "2009.02.26"]
[EventType "tourn"]
[EventRounds "9"]
[EventCountry "CAN"]
[SourceTitle "EXT 2011"]
[Source "ChessBase"]
[SourceDate "2011.11.26"]
[SourceVersion "1"]
[SourceVersionDate "2011.11.26"]
[SourceQuality "1"]

1. Nf3 Nf6 2. c4 g6 3. Nc3 Bg7 4. d4 O-O 5. e4 d6 6. Be3 c5 7. dxc5 Qa5 8. Bd3 dxc5 9. Qa4 Qxa4 10. Nxa4 Nfd7 11. O-O-O b6 12. Nc3 Bxc3 13. bxc3 Nc6 14. Bf4 e5 15. Bh6 Rd8 16. Bc2 f6 17. Rd6 Na5 18. Rhd1 Kf7 19. h4 Ke7 20. Nxe5 fxe5 21. Bg5+ Ke8 22. Bxd8 Kxd8 23. Ba4 Nxc4 24. Rxd7+ Bxd7 25. Rxd7+ Kc8 26. Rxh7 Na5 1-0

[Event "Scarborough CC-ch"]
[Site "Toronto CAN"]
[Date "2009.04.16"]
[Round "8"]
[White "Moffat, Andrei"]
[Black "Henry, Liam"]
[Result "1-0"]
[WhiteElo "2167"]
[BlackElo "2248"]
[PlyCount "55"]
[GameId "2160767910260497"]
[EventDate "2009.02.26"]
[EventType "tourn"]
[EventRounds "9"]
[EventCountry "CAN"]
[SourceTitle "EXT 2011"]
[Source "ChessBase"]
[SourceDate "2011.11.26"]
[SourceVersion "1"]
[SourceVersionDate "2011.11.26"]
[SourceQuality "1"]

1. e4 c5 2. Nc3 d6 3. g3 Nc6 4. Bg2 g6 5. d3 Bg7 6. Be3 e6 7. Qd2 Nge7 8. Bh6 O-O 9. h4 f6 10. Bxg7 Kxg7 11. h5 g5 12. f4 h6 13. O-O-O Qa5 14. Kb1 Nd4 15. Nce2 Qc7 16. c3 Nxe2 17. Nxe2 e5 18. d4 cxd4 19. cxd4 Bg4 20. Rc1 Qb6 21. Rc3 Bxe2 22. Qxe2 Qxd4 23. Rc7 Rfe8 24. fxg5 fxg5 25. Bh3 Qb6 26. Rhc1 Kg8 27. Qc4+ d5 28. exd5 1-0

[Event "Scarborough CC-ch"]
[Site "Toronto CAN"]
[Date "2009.04.16"]
[Round "8"]
[White "Sellars, Karl"]
[Black "Villalobos, Oscar"]
[Result "1-0"]
[WhiteElo "2209"]
[BlackElo "2061"]
[PlyCount "41"]
[GameId "2160767910260498"]
[EventDate "2009.02.26"]
[EventType "tourn"]
[EventRounds "9"]
[EventCountry "CAN"]
[SourceTitle "EXT 2011"]
[Source "ChessBase"]
[SourceDate "2011.11.26"]
[SourceVersion "1"]
[SourceVersionDate "2011.11.26"]
[SourceQuality "1"]

1. e4 c5 2. Nf3 d6 3. Bb5+ Bd7 4. Bxd7+ Qxd7 5. c4 Qg4 6. O-O Qxe4 7. d4 cxd4 8. Nxd4 Nf6 9. Nc3 Qg4 10. Ndb5 Qc8 11. Re1 e6 12. Bf4 a6 13. Nxd6+ Bxd6 14. Qxd6 Qxc4 15. Rad1 Nc6 16. Nd5 Nxd5 17. Rxd5 Rd8 18. Rxe6+ fxe6 19. Qxe6+ Ne7 20. Rxd8+ Kxd8 21. Qxc4 1-0

[Event "Scarborough CC-ch reserves U1700"]
[Site "Toronto CAN"]
[Date "2009.02.26"]
[Round "1"]
[White "Bao, Stephen"]
[Black "Azmitia, Gabriel"]
[Result "1-0"]
[WhiteElo "1222"]
[BlackElo "1472"]
[PlyCount "137"]
[GameId "2160767910260500"]
[EventDate "2009.02.26"]
[EventType "swiss"]
[EventRounds "9"]
[EventCountry "CAN"]
[SourceTitle "EXT 2011"]
[Source "ChessBase"]
[SourceDate "2011.11.26"]
[SourceVersion "1"]
[SourceVersionDate "2011.11.26"]
[SourceQuality "1"]

1. e4 e5 2. Nf3 Nc6 3. Bb5 a6 4. Ba4 Nf6 5. O-O Be7 6. Re1 b5 7. Bb3 O-O 8. c3 d5 9. exd5 Nxd5 10. Nxe5 Nxe5 11. Rxe5 c6 12. Re1 Bd6 13. d4 Qh4 14. g3 Qh3 15. Qd3 Bf5 16. Qf1 Qh5 17. Bd1 Qg6 18. Nd2 Rae8 19. Nf3 Rxe1 20. Qxe1 Bh3 21. Nh4 Qd3 22. Bf3 h6 23. Qe2 Qxe2 24. Bxe2 Re8 25. Be3 Nxe3 26. fxe3 Rxe3 27. Bf1 Bd7 28. Kf2 Re8 29. Re1 Kf8 30. Rxe8+ Kxe8 31. Bd3 g6 32. Nf3 Ke7 33. Nd2 f5 34. a4 Ke6 35. a5 Be7 36. Nf3 Bf6 37. Ke3 Kd6 38. Bc2 Be6 39. Nd2 Bg5+ 40. Ke2 Bf7 41. b3 h5 42. Nf3 Bf6 43. Kd3 Bd5 44. Bd1 Be4+ 45. Ke3 Kd7 46. Kf4 Bxf3 47. Bxf3 Kc7 48. Ke3 Kd6 49. Kd3 Bg5 50. c4 f4 51. Be4 fxg3 52. hxg3 Kc7 53. Bxg6 h4 54. gxh4 Bxh4 55. cxb5 cxb5 56. Ke2 Be7 57. Ke3 Bb4 58. Ke4 Bxa5 59. Kd5 Bb4 60. Bd3 Bd6 61. Ke6 Bf8 62. d5 Kb6 63. d6 Bxd6 64. Kxd6 a5 65. Kd5 a4 66. b4 a3 67. Bb1 Kb7 68. Kc5 Ka6 69. Kc6 1-0

[Event "Scarborough CC-ch reserves U1700"]
[Site "Toronto CAN"]
[Date "2009.02.26"]
[Round "1"]
[White "Dattani, Dinesh"]
[Black "Zhou, Kevin"]
[Result "1/2-1/2"]
[WhiteElo "1374"]
[BlackElo "1622"]
[PlyCount "99"]
[GameId "2160767910260501"]
[EventDate "2009.02.26"]
[EventType "swiss"]
[EventRounds "9"]
[EventCountry "CAN"]
[SourceTitle "EXT 2011"]
[Source "ChessBase"]
[SourceDate "2011.11.26"]
[SourceVersion "1"]
[SourceVersionDate "2011.11.26"]
[SourceQuality "1"]

1. d4 Nf6 2. c4 g6 3. Nc3 Bg7 4. Bg5 d6 5. Nf3 O-O 6. Qd2 Re8 7. e3 Nc6 8. Be2 Bd7 9. e4 a6 10. O-O Qc8 11. Rac1 e5 12. d5 Nd4 13. b3 Bg4 14. Ne1 Nxe2+ 15. Nxe2 Nxe4 16. Qe3 Bxe2 17. Qxe2 Nxg5 18. h4 Nh3+ 19. gxh3 Qxh3 20. Ng2 h5 21. c5 dxc5 22. Rxc5 Qd7 23. Rfc1 Rac8 24. Qc4 Re7 25. Rd1 Qd6 26. Ne3 Kh7 27. Qc2 Rd7 28. b4 Bf8 29. Rc1 Qf6 30. Rc4 Bd6 31. Qe4 Kg8 32. a4 b6 33. Rc6 Qd8 34. Qc4 Rb8 35. Qe4 Qe7 36. Nc4 Ra8 37. Nxd6 cxd6 38. Rxb6 Rb7 39. Rbc6 Raa7 40. R1c3 Rc7 41. Qc4 Rxc6 42. Qxc6 Qd7 43. Qxd7 Rxd7 44. Rc6 a5 45. b5 Kf8 46. Ra6 Ke7 47. Rxa5 Rb7 48. Ra6 Kd7 49. b6 Kc8 50. a5 1/2-1/2

[Event "Scarborough CC-ch reserves U1700"]
[Site "Toronto CAN"]
[Date "2009.02.26"]
[Round "1"]
[White "Philip, Andrew"]
[Black "Yusuf, Magas"]
[Result "0-1"]
[WhiteElo "1597"]
[BlackElo "1318"]
[PlyCount "70"]
[GameId "2160767910260502"]
[EventDate "2009.02.26"]
[EventType "swiss"]
[EventRounds "9"]
[EventCountry "CAN"]
[SourceTitle "EXT 2011"]
[Source "ChessBase"]
[SourceDate "2011.11.26"]
[SourceVersion "1"]
[SourceVersionDate "2011.11.26"]
[SourceQuality "1"]

1. d4 Nf6 2. Bg5 d5 3. Bxf6 exf6 4. e3 c5 5. dxc5 Bxc5 6. c3 O-O 7. Bd3 Re8 8. Ne2 Nc6 9. O-O Bg4 10. h3 Bd7 11. Nd2 Ne5 12. Bc2 Qb6 13. Nd4 Qxb2 14. Bb3 Qxc3 15. Rc1 Qb4 16. N2f3 Be6 17. Qe2 Nxf3+ 18. Nxf3 Qb6 19. Rfd1 d4 20. Nxd4 Bxd4 21. Rxd4 Bxb3 22. axb3 Qxd4 23. Qb5 Rxe3 24. Qxb7 Ree8 25. Qf3 Rab8 26. Qc6 Qb6 27. Qd7 Qxb3 28. Rc7 h6 29. Rxa7 Qe6 30. Qa4 Qe1+ 31. Kh2 Qxf2 32. Rb7 Rf8 33. Qd7 Rxb7 34. Qxb7 Qf4+ 35. Kg1 Rb8 0-1

[Event "Scarborough CC-ch reserves U1700"]
[Site "Toronto CAN"]
[Date "2009.02.26"]
[Round "1"]
[White "Teram, Eli"]
[Black "Rogers, Michael"]
[Result "0-1"]
[WhiteElo "1494"]
[BlackElo "1389"]
[PlyCount "80"]
[GameId "2160767910260504"]
[EventDate "2009.02.26"]
[EventType "swiss"]
[EventRounds "9"]
[EventCountry "CAN"]
[SourceTitle "EXT 2011"]
[Source "ChessBase"]
[SourceDate "2011.11.26"]
[SourceVersion "1"]
[SourceVersionDate "2011.11.26"]
[SourceQuality "1"]

1. e4 c5 2. Nf3 d6 3. Nc3 Nf6 4. Bc4 e6 5. e5 dxe5 6. Nxe5 Qd4 7. Bb5+ Nbd7 8. Nf3 Qg4 9. O-O Bd6 10. h3 Qh5 11. d4 O-O 12. dxc5 Bxc5 13. Be2 Rd8 14. Bg5 b6 15. Ne4 Bb7 16. Ne5 Nxe5 17. Qxd8+ Rxd8 18. Bxh5 Bxe4 19. Bxf6 gxf6 20. Rac1 Nc4 21. Kh1 Nxb2 22. Rfe1 f5 23. f3 Bd5 24. a4 Nxa4 25. c4 Bc6 26. Red1 Rxd1+ 27. Rxd1 Kf8 28. Rd8+ Ke7 29. Rh8 a5 30. Rxh7 Be8 31. g4 fxg4 32. hxg4 Be3 33. Rg7 Bh6 34. Rg8 Bf8 35. f4 Bc6+ 36. Kh2 Be4 37. Rg5 Bh6 38. Rg8 Bxf4+ 39. Kh3 Kf6 40. Rd8 Bg5 0-1

[Event "Scarborough CC-ch reserves U1700"]
[Site "Toronto CAN"]
[Date "2009.03.05"]
[Round "2"]
[White "Roe, Jim"]
[Black "Yusuf, Magas"]
[Result "1-0"]
[WhiteElo "1562"]
[BlackElo "1318"]
[PlyCount "74"]
[GameId "2160767910260505"]
[EventDate "2009.02.26"]
[EventType "swiss"]
[EventRounds "9"]
[EventCountry "CAN"]
[SourceTitle "EXT 2011"]
[Source "ChessBase"]
[SourceDate "2011.11.26"]
[SourceVersion "1"]
[SourceVersionDate "2011.11.26"]
[SourceQuality "1"]

1. d4 Nf6 2. c4 g6 3. Nc3 Bg7 4. e4 d6 5. f3 O-O 6. Be3 e5 7. d5 Bd7 8. Bd3 c6 9. Nge2 cxd5 10. cxd5 Qa5 11. O-O Na6 12. a3 Qd8 13. Rc1 Nc7 14. Rf2 Qe7 15. Qb3 b6 16. Na2 Rfc8 17. Ng3 Nce8 18. Rfc2 Rxc2 19. Rxc2 Rc8 20. Nb4 Rxc2 21. Qxc2 Qd8 22. Nc6 Bxc6 23. dxc6 Nc7 24. b4 d5 25. exd5 Nfxd5 26. Bf2 Ne7 27. Qc4 Qd5 28. b5 Qxc4 29. Bxc4 Ned5 30. a4 Nc3 31. Bb3 Kf8 32. Ne4 Ne2+ 33. Kf1 Nd4 34. Bc4 h5 35. Bxd4 exd4 36. Nd6 f6 37. Nc8 Na8 1-0

[Event "Scarborough CC-ch reserves U1700"]
[Site "Toronto CAN"]
[Date "2009.03.05"]
[Round "2"]
[White "Wang, Jason"]
[Black "Dattani, Dinesh"]
[Result "0-1"]
[WhiteElo "943"]
[BlackElo "1374"]
[PlyCount "62"]
[GameId "2160767910260506"]
[EventDate "2009.02.26"]
[EventType "swiss"]
[EventRounds "9"]
[EventCountry "CAN"]
[SourceTitle "EXT 2011"]
[Source "ChessBase"]
[SourceDate "2011.11.26"]
[SourceVersion "1"]
[SourceVersionDate "2011.11.26"]
[SourceQuality "1"]

1. d4 d5 2. Nc3 c6 3. e3 Nf6 4. g3 Bg4 5. Be2 Bf5 6. Nf3 e6 7. Ne5 Nbd7 8. g4 Be4 9. O-O Bd6 10. Nxd7 Nxd7 11. f3 Qh4 12. f4 Bg6 13. Qe1 Qxe1 14. Rxe1 Bxc2 15. Bd1 Be4 16. Nxe4 dxe4 17. b4 Bxb4 18. Re2 c5 19. dxc5 Nxc5 20. Ba4+ Nxa4 21. Rb1 Nc3 22. Reb2 Nxb1 23. Rxb1 Rc8 24. Bb2 Bd2 25. Bxg7 Rg8 26. Bf6 Rxg4+ 27. Kf2 b6 28. Rd1 Rc2 29. Ba1 Be1+ 30. Kf1 Rgg2 31. Rxe1 Rcf2# 0-1

[Event "Scarborough CC-ch reserves U1700"]
[Site "Toronto CAN"]
[Date "2009.03.05"]
[Round "2"]
[White "Yie, Kevin Yi Xiao"]
[Black "Orenbach, Jonathan"]
[Result "0-1"]
[WhiteElo "914"]
[BlackElo "1395"]
[PlyCount "68"]
[GameId "2160767910260507"]
[EventDate "2009.02.26"]
[EventType "swiss"]
[EventRounds "9"]
[EventCountry "CAN"]
[SourceTitle "EXT 2011"]
[Source "ChessBase"]
[SourceDate "2011.11.26"]
[SourceVersion "1"]
[SourceVersionDate "2011.11.26"]
[SourceQuality "1"]

1. e4 c5 2. Nf3 d6 3. d4 cxd4 4. Nxd4 Nf6 5. Nc3 a6 6. Bd3 e5 7. Nb3 Bg4 8. f3 Be6 9. O-O Be7 10. Be3 Nc6 11. Be2 b5 12. Nd2 d5 13. exd5 Nxd5 14. Nxd5 Bxd5 15. c4 bxc4 16. Nxc4 Bxc4 17. Qxd8+ Rxd8 18. Bxc4 Nb4 19. Rfc1 O-O 20. Bb6 Rd2 21. b3 Rxa2 22. Rxa2 Nxa2 23. Ra1 Nb4 24. Bxa6 Ra8 25. Kf2 Rxa6 26. Rxa6 Nxa6 27. Ke3 Bc5+ 28. Bxc5 Nxc5 29. b4 Nb7 30. Ke4 f6 31. Kd5 Kf7 32. Kc6 Nd8+ 33. Kc7 Ke7 34. b5 Nf7 0-1

[Event "Scarborough CC-ch reserves U1700"]
[Site "Toronto CAN"]
[Date "2009.03.05"]
[Round "2"]
[White "Yin, Zining"]
[Black "Xia, Linda"]
[Result "1-0"]
[WhiteElo "1368"]
[BlackElo "1541"]
[PlyCount "71"]
[GameId "2160767910260508"]
[EventDate "2009.02.26"]
[EventType "swiss"]
[EventRounds "9"]
[EventCountry "CAN"]
[SourceTitle "EXT 2011"]
[Source "ChessBase"]
[SourceDate "2011.11.26"]
[SourceVersion "1"]
[SourceVersionDate "2011.11.26"]
[SourceQuality "1"]

1. e4 e5 2. Nf3 Nf6 3. Nxe5 d6 4. Nf3 Nxe4 5. c3 Nf6 6. d4 Be7 7. Bd3 O-O 8. O-O c5 9. h3 a6 10. Re1 Re8 11. Nbd2 Nbd7 12. Ne4 b5 13. dxc5 dxc5 14. Bc2 Nf8 15. Be3 Ne6 16. Ng3 Bb7 17. Nf5 Qxd1 18. Nxe7+ Rxe7 19. Bxd1 Rd7 20. Be2 Rad8 21. Ne5 Rd5 22. Bf3 Rxe5 23. Bxb7 a5 24. Rad1 b4 25. Rxd8+ Nxd8 26. Ba6 bxc3 27. bxc3 Nd5 28. Rd1 Ne6 29. Bd2 Nec7 30. Bc4 a4 31. Rb1 h6 32. Rb8+ Kh7 33. Rd8 f5 34. f4 Re6 35. Bxd5 Nxd5 36. Rxd5 1-0

[Event "Scarborough CC-ch reserves U1700"]
[Site "Toronto CAN"]
[Date "2009.03.12"]
[Round "3"]
[White "Bao, Stephen"]
[Black "Zhou, Kevin"]
[Result "1/2-1/2"]
[WhiteElo "1222"]
[BlackElo "1622"]
[PlyCount "86"]
[GameId "2160767910260509"]
[EventDate "2009.02.26"]
[EventType "swiss"]
[EventRounds "9"]
[EventCountry "CAN"]
[SourceTitle "EXT 2011"]
[Source "ChessBase"]
[SourceDate "2011.11.26"]
[SourceVersion "1"]
[SourceVersionDate "2011.11.26"]
[SourceQuality "1"]

1. d4 Nf6 2. c4 g6 3. Nc3 Bg7 4. e4 d6 5. Nf3 O-O 6. Be2 e5 7. d5 Na6 8. O-O Nc5 9. Nd2 a5 10. Re1 Ne8 11. Nb3 f5 12. Nxc5 dxc5 13. Be3 b6 14. f3 f4 15. Bf2 g5 16. g4 Kf7 17. Kg2 Rh8 18. Rh1 h5 19. h3 Bd7 20. Nb5 Nd6 21. Nxd6+ cxd6 22. Qd3 a4 23. a3 Qc7 24. Rag1 h4 25. Be1 Rhb8 26. Bd2 b5 27. Rb1 bxc4 28. Qxc4 Bb5 29. Qxb5 Rxb5 30. Bxb5 Qb8 31. Bc6 Ra7 32. Rhc1 Bf6 33. Rc3 Bd8 34. b4 Ba5 35. Rc4 cxb4 36. Bxa4 b3 37. Rxb3 Qxb3 38. Bxb3 Bxd2 39. Ra4 Rxa4 40. Bxa4 Bc1 41. Bc6 Bxa3 42. Kf1 Bc5 43. Ke2 Kg7 1/2-1/2

[Event "Scarborough CC-ch reserves U1700"]
[Site "Toronto CAN"]
[Date "2009.03.12"]
[Round "3"]
[White "Dattani, Dinesh"]
[Black "Yin, Zining"]
[Result "1-0"]
[WhiteElo "1374"]
[BlackElo "1362"]
[PlyCount "43"]
[GameId "2160767910260510"]
[EventDate "2009.02.26"]
[EventType "swiss"]
[EventRounds "9"]
[EventCountry "CAN"]
[SourceTitle "EXT 2011"]
[Source "ChessBase"]
[SourceDate "2011.11.26"]
[SourceVersion "1"]
[SourceVersionDate "2011.11.26"]
[SourceQuality "1"]

1. e4 c5 2. Nf3 d6 3. d4 cxd4 4. Nxd4 Nf6 5. Nc3 g6 6. Be3 Bg7 7. Qd2 Ng4 8. Bg5 h6 9. Bh4 g5 10. Bg3 Nc6 11. Nb3 O-O 12. h4 gxh4 13. Rxh4 Nge5 14. O-O-O Ng6 15. Rh2 Nce5 16. Be2 Ng4 17. Rh5 Be6 18. Rdh1 Qb6 19. Bxg4 Bxg4 20. Rxh6 Bxh6 21. Qxh6 Rfc8 22. Nd5 1-0

[Event "Scarborough CC-ch reserves U1700"]
[Site "Toronto CAN"]
[Date "2009.03.12"]
[Round "3"]
[White "Xia, Linda"]
[Black "Xi, Jason"]
[Result "1/2-1/2"]
[WhiteElo "1541"]
[BlackElo "1064"]
[PlyCount "114"]
[GameId "2160767910260512"]
[EventDate "2009.02.26"]
[EventType "swiss"]
[EventRounds "9"]
[EventCountry "CAN"]
[SourceTitle "EXT 2011"]
[Source "ChessBase"]
[SourceDate "2011.11.26"]
[SourceVersion "1"]
[SourceVersionDate "2011.11.26"]
[SourceQuality "1"]

1. d4 d5 2. c4 e6 3. Nc3 Nf6 4. Bg5 Be7 5. Nf3 Nc6 6. e3 O-O 7. Bd3 Nb8 8. O-O c5 9. Bxf6 Bxf6 10. cxd5 cxd4 11. exd4 exd5 12. Qb3 Nc6 13. Nxd5 Nxd4 14. Nxf6+ Qxf6 15. Nxd4 Qxd4 16. Rad1 Qf6 17. Qc2 g6 18. Rfe1 Be6 19. Re3 Rac8 20. Qb1 Rc6 21. Rf3 Qg7 22. h3 Rb6 23. b3 Qh6 24. Qc1 Qxc1 25. Rxc1 Rd6 26. a3 Bxb3 27. Bxg6 Bd5 28. Rd1 Bxf3 29. Rxd6 Bxg2 30. Bxh7+ Kxh7 31. Kxg2 Rg8+ 32. Kh2 Rb8 33. Kg3 Kg7 34. h4 Rc8 35. f3 Rc6 36. Rxc6 bxc6 37. Kf4 c5 38. Ke4 c4 39. Kd4 Kg6 40. Kxc4 Kh5 41. Kd4 Kxh4 42. f4 Kg4 43. Ke5 a5 44. Ke4 Kh5 45. a4 Kg4 46. Kd5 Kxf4 47. Kc5 Ke5 48. Kb5 Kd5 49. Kxa5 Kc5 50. Ka6 Kb4 51. a5 f5 52. Kb6 f4 53. a6 f3 54. a7 f2 55. a8=Q f1=Q 56. Qe4+ Qc4 57. Qxc4+ Kxc4 1/2-1/2